Loading...
| Current Events | 3 | 26.67 | 100% | 100% | 67% |
| Fine Arts - Auditory Fine Arts | 3 | 16.67 | 100% | 67% | 0% |
| Fine Arts - Other Fine Arts | 9 | 12.22 | 89% | 22% | 11% |
| Fine Arts - Visual Fine Arts | 5 | 12.00 | 80% | 40% | 0% |
| Geography | 2 | 25.00 | 100% | 100% | 50% |
| History - American History | 7 | 18.57 | 100% | 57% | 29% |
| History - European History | 2 | 20.00 | 100% | 50% | 50% |
| History - Other History | 6 | 16.67 | 83% | 50% | 33% |
| History - World History | 5 | 18.00 | 100% | 40% | 40% |
| Literature - American Literature | 9 | 10.00 | 56% | 22% | 22% |
| Literature - British Literature | 7 | 15.71 | 86% | 43% | 29% |
| Literature - European Literature | 6 | 8.33 | 50% | 17% | 17% |
| Literature - World Literature | 2 | 15.00 | 100% | 50% | 0% |
| Mythology | 1 | 20.00 | 100% | 100% | 0% |
| Other Academic | 1 | 20.00 | 100% | 100% | 0% |
| Philosophy | 4 | 15.00 | 100% | 50% | 0% |
| Religion | 5 | 10.00 | 80% | 20% | 0% |
| Science - Biology | 3 | 23.33 | 67% | 100% | 67% |
| Science - Chemistry | 4 | 12.50 | 100% | 25% | 0% |
| Science - Other Science | 3 | 20.00 | 100% | 100% | 0% |
| Science - Physics | 4 | 17.50 | 75% | 75% | 25% |
| Social Science | 2 | 5.00 | 50% | 0% | 0% |